000 01034nam a22003377a 4500
001 BR6002223
003 BR-BrBNA
005 20230928083120.0
007 ta
008 230509b bl.||||| |||| 00| 0 por d
040 _aBR-BrBNA
_bpor
_cBiblioteca Nacional de Agricultura
041 _a(Por)
072 _aE30; C00; E15
_b/G514
090 _ E30 BR6002223
110 1 _aAssociacao Nordestina de Credito e Assistencia Rural da Bahia, Salvador (Brasil). Servico de Extensao Rural
245 1 _aPlano de aplicacao dos recursos do fundo de participacao do Estado da Bahia para extensao rural. v. 1. Diagnostico [Brasil]
260 3 _aSalvador, BA (Brasil):
_c1971.
300 _a143 p.
500 _a104 tables
650 _aDESENVOLVIMENTO AGRICOLA
650 _aESTATISTICA DE PRODUCAO
650 _aCUSTO DE PRODUCAO
650 _aRENDIMENTO
650 _aCONSUMO
650 _aOFERTA
650 _aDEMANDA
650 _aEXPORTACAO
650 _aBAHIA
909 _a202309
_bLucia
_c55
_dLucia Elande
942 _cBK
999 _c11647
_d11647